| 000 | 00437nam a22001457a 4500 | ||
|---|---|---|---|
| 005 | 20150612094935.0 | ||
| 008 | 150612b xxu||||| |||| 00| 0 eng d | ||
| 040 | _cPK-LaUMT | ||
| 082 |
_aKHC 306.0954914 _bIRS-P |
||
| 100 | _aارشاد احمد پنجابی | ||
| 245 |
_aپنجاب کا مرد _bحیات و ثقافت _cارشاد احمد پنجابی |
||
| 260 |
_aلاہور _bالفیضل _c2001 |
||
| 300 | _a389 ص | ||
| 942 | _cBK | ||
| 999 |
_c73073 _d73073 |
||